000 01241nam a2200349Ia 4500
001 ebr10178014
003 CaPaEBR
006 m u
007 cr cn|||||||||
008 060710s2007 enka sb 001 0 eng d
020 _z1845112350
020 _z9781845112356 (PB)
020 _z9781845112349 (HB)
020 _z1845112342 (HB)
040 _aCaPaEBR
_cCaPaEBR
035 _a(OCoLC)213304440
050 1 4 _aN8217.E6
_bM59 2007eb
100 1 _aMey, Kerstin.
245 1 0 _aArt and obscenity
_h[electronic resource] /
_cKerstin Mey.
260 _aLondon ;
_aNew York, NY :
_bI.B. Taurus,
_c2007.
300 _ax, 182 p. :
_bill.
490 1 _aArt and
504 _aIncludes bibliographical references and index.
533 _aElectronic reproduction.
_bPalo Alto, Calif. :
_cebrary,
_d2009.
_nAvailable via World Wide Web.
_nAccess may be limited to ebrary affiliated libraries.
650 0 _aObscenity (Law)
650 0 _aArt
_xSocial aspects.
650 0 _aErotic art
_xSocial aspects.
655 7 _aElectronic books.
_2local
710 2 _aebrary, Inc.
830 0 _aArt and--
856 4 0 _uhttp://site.ebrary.com/lib/rucke/Doc?id=10178014
_zAn electronic book accessible through the World Wide Web; click to view
999 _c140584
_d140584